00261nam a2200109Ia 4500008004100000100002000041245002600061260002800087650001200115942000700127999001700134190216s9999||||xx |||||||||||||| ||und|| aAgatha Christie 0aSomany Steps To Death bPocket Books Publishers aEnglish cBK c12320d12320